Bienenbuch. :

Hlavní autor: Kellen, Tony, 1869-1948
Jazyk: Němčina
Vydáno: Leipzig : Philipp Reclam jun., [do roku 1895]
Edice: Universal-Bibliothek
Témata:
Fyzický popis: 106 stran : ilustrace ; 15 cm
Language note: Tištěno švabachem
Knihy
Uloženo v:
LEADER 01048nam a22003257i 4500
001 001901649
003 CZ BrMZK
005 20240711085657.0
007 ta
008 240711s1895 gw a er|||||||||||ger d
040 |a BOA001  |b cze  |e rda 
072 7 |a 638  |x Včelařství  |2 Konspekt  |9 24 
100 1 |a Kellen, Tony,  |d 1869-1948  |7 xx0110751  |4 aut 
245 1 0 |a Bienenbuch. :  |c von Tony Kellen 
264 1 |a Leipzig :  |b Philipp Reclam jun.,  |c [do roku 1895] 
300 |a 106 stran :  |b ilustrace ;  |c 15 cm 
336 |a text  |b txt  |2 rdacontent 
337 |a bez média  |b n  |2 rdamedia 
338 |a svazek  |b nc  |2 rdacarrier 
490 1 |a Universal-Bibliothek ;  |v 3335 
546 |a Tištěno švabachem 
650 0 7 |a včely  |7 ph116667  |2 czenas 
650 0 7 |a včelařství  |7 ph116666  |2 czenas 
655 7 |a příručky  |7 fd133209  |2 czenas 
830 0 |a Universal-Bibliothek 
910 |a BOA001  |b 1-0073.819,3335 
990 |a BK 
993 |a Y 
991 |b 202407 
996 6 |b 2618761178  |c 1-0073.819,3335  |l MZK  |r Sklad / do 1 hodiny  |n 0  |w 001970311  |u 000010  |a 1  |e BOA001  |j MZK50  |s P